书目信息 |
| 题名: |
三战长沙城
|
|
| 作者: | 沈铁 , 黑马 编著 | |
| 分册: | ||
| 出版信息: | 北京 长城出版社 2015 |
|
| 页数: | 276页 | |
| 开本: | 24cm | |
| 丛书名: | 中国抗日战争战场全景画卷丛书 | |
| 单 册: | ||
| 中图分类: | E296.93 | |
| 科图分类: | ||
| 主题词: | ||
| 电子资源: | ||
| ISBN: | 978-7-5483-0185-1 | |
| 000 | 01065oam2 2200289 45 | |
| 001 | 012001002608 | |
| 005 | 20140926114740.0 | |
| 010 | @a978-7-5483-0185-1@dCNY48.00 | |
| 100 | @a20151101d2015 em y0chiy50 ea | |
| 101 | 0 | @achi |
| 102 | @aCN@b110000 | |
| 105 | @aa z 000yy | |
| 106 | @ar | |
| 200 | 1 | @a三战长沙城@9san zhan chang sha cheng@e长沙大会战影像全纪录@f沈铁,黑马编著 |
| 210 | @a北京@c长城出版社@d2015 | |
| 215 | @a276页@c照片@d24cm | |
| 225 | 1 | @a中国抗日战争战场全景画卷丛书@h第二辑@v18 |
| 300 | @a其他题名:长沙大会战影像全纪录 | |
| 330 | @a本书全方位、多视角、全景式地讲述了从1939年9月到1944年8月间的长沙大会战的全过程。长沙大会战之惨烈,可以用“一寸土地一滴血”来形容。 | |
| 461 | 0 | @12001 @a中国抗日战争战场全景画卷丛书 |
| 517 | 1 | @a长沙大会战影像全纪录@9chang sha da hui zhan ying xiang quan ji lu |
| 601 | 02 | @a国民党军@x抗日战争时期战役战斗@y湖南@y长沙@j史料 |
| 690 | @aE296.93@v5 | |
| 701 | 0 | @a沈铁@9shen tie@4编著 |
| 701 | 0 | @a黑马@9hei ma@4编著 |
| 801 | 0 | @aCN@b上海新华@c20180901 |
| 905 | @b1158300-4@dE296.93@e91@f5 | |
| 三战长沙城:长沙大会战影像全纪录/沈铁,黑马编著.-北京:长城出版社,2015 |
| 276页:照片;24cm.-(中国抗日战争战场全景画卷丛书.第二辑;18) |
| 其他题名:长沙大会战影像全纪录 |
| ISBN 978-7-5483-0185-1:CNY48.00 |
| 本书全方位、多视角、全景式地讲述了从1939年9月到1944年8月间的长沙大会战的全过程。长沙大会战之惨烈,可以用“一寸土地一滴血”来形容。 |
| ● |
| 相关链接 |
|
|
|
|
正题名:三战长沙城
索取号:E296.93/91
 
预约/预借
| 序号 | 登录号 | 条形码 | 馆藏地/架位号 | 状态 | 备注 |
| 1 | 1158300 | 211583008 | 第一样本阅览室/ [索取号:E296.93/91] | 在馆 | |
| 2 | 1158301 | 211583017 | 第一借阅区/ [索取号:E296.93/91] | 在馆 | |
| 3 | 1158302 | 211583026 | 第一借阅区/ [索取号:E296.93/91] | 在馆 | |
| 4 | 1158303 | 211583035 | 第一借阅区/ [索取号:E296.93/91] | 在馆 | |
| 5 | 1158304 | 211583044 | 第一借阅区/ [索取号:E296.93/91] | 在馆 |